La economía cooperativa y los problemas de la empresa /
Guardado en:
| Autor Principal: | |
|---|---|
| Formato: | Libro |
| Publicado: |
Argentina :
Universidad Nacional del Sur. Dpto. de Economia,
1964
|
| Materias: | |
| Etiquetas: |
Agregar Etiqueta
Sin Etiquetas, Sea el primero en etiquetar este registro!
|
| LEADER | 01194nam a22002055a 4500 | ||
|---|---|---|---|
| 001 | CEM.cems003760 | ||
| 005 | 19000101000000.0 | ||
| 008 | 130507s1964##################000#0#####d | ||
| 003 | CEMS | ||
| 082 | 0 | 4 | |a 334 |
| 100 | 1 | |a Lasserre, Georges | |
| 245 | 1 | 0 | |a La economía cooperativa y los problemas de la empresa / |
| 260 | |a Argentina : |b Universidad Nacional del Sur. Dpto. de Economia, |c 1964 | ||
| 300 | |a 88 p. | ||
| 505 | 0 | |a Concepto de cooperativas; Constitucion; Objetos sociales; Personeria juridica; Reformas a los estatutos; Reglamentos internos; Caracter comercial de las cooperativas; Capital; Acciones; Ingreso de socios; Memorias; Precios de costo y de distribucion; Asambleas; Fiscalizacion; Consejo de inspeccion y comisiones revisoras de cuentas; Cooperativas de cooperativas; Libros; Balances e inventarios; Distribucion de excedentes; Emision de emprestitos; Fusion de sociedades cooperativas; Perdidas; Apendice: Ley Nacional Nro. 11388. Regimen legal de las sociedades cooperativas | |
| 653 | |a Cooperativas-tipos | ||
| 653 | |a Economia capitalista | ||
| 653 | |a Economia cooperativa | ||
| 653 | |a Empresas capitalistas | ||
| 859 | |a CEMS |b BIB. CEMS - 11 de abril |h 334 |i L337 |p 14128.86 |t Ej.1 | ||
